000
00331nam a22001457a 4500
003
OSt
005
20160727222409.0
008
160624b xxu||||| |||| 00| 0 eng d
040
_c
Test
100
_9
949
_a
Schmidt, C
245
_a
Genevieve
260
_a
Bombay
_b
Better Yourself Books
_c
1984
300
_a
Genevieve
942
_2
ddc
_c
BK
999
_c
753
_d
753